| 000 | 00646nam a2200217 a 4500 | ||
|---|---|---|---|
| 005 | 20240504063755.0 | ||
| 008 | 090611s1996 mx r 000 0 spa d | ||
| 020 | _a9789707772427 (13) | ||
| 020 | _a9707772425 (10) | ||
| 035 | _aUPN01000171147 | ||
| 049 | _aCG | ||
| 050 | 4 |
_aBQ160 _bK4.2 |
|
| 100 | 1 | _aKeown, Damien | |
| 245 | 1 | 4 |
_aUna brevísima introducción al budismo / _cDamien Keown ; tr. José María Fábregas Puig. |
| 260 |
_aMéxico : _bOcéano, _cc1996. |
||
| 300 |
_a199 p. : _bil. |
||
| 440 | 0 |
_aOceano ; _v13 |
|
| 534 |
_pTitulo original: _tBuddhism. A very short introduction |
||
| 650 | 2 |
_aBudismo _98769 |
|
| 905 | _aLibro | ||
| 999 |
_c143252 _d143252 |
||